LEADER 00709nam0-2200253 --450 001 9910264556003321 005 20180416125803.0 100 $a20180416d1964----km y0itay50 ba 101 0 $aeng 102 $aUS 105 $a 001yy 200 1 $aPrinciples of engineering economy$fEugene L. Grant, W. Grant Ireson 205 $a4th ed. 210 $aNew York$cRonald$dc1964 215 $aVIII, 574 p.$cgraf.$d24 cm 700 1$aGrant,$bEugene L.$03346 701 1$aIreson,$bW. Grant$02669 801 0$aIT$bUNINA$gREICAT$2UNIMARC 901 $aBK 912 $a9910264556003321 952 $aC3/5$b4158$fDINTR 959 $aDINTR 996 $aPrinciples of engineering economy$91504928 997 $aUNINA LEADER 01712nas 2200517- 450 001 9910873749903321 005 20210125100645.0 035 $a(OCoLC)899130725 035 $a(CKB)3710000000537387 035 $a(CONSER)--2015204030 035 $a(IEEE)1803582 035 $a(EXLCZ)993710000000537387 100 $a20150101c20uuuuuu s-- a 101 0 $aeng 135 $aurcnu|||||||| 181 $ctxt$2rdacontent 182 $cc$2rdamedia 183 $acr$2rdacarrier 200 10$a... IEEE MTT-S International Microwave and RF Conference 210 1$aPiscataway, NJ :$cIEEE 300 $aProceedings of conference. 311 $a2377-9144 606 $aMicrowave circuits$vCongresses 606 $aMicrowave communication systems$vCongresses 606 $aRadio frequency$vCongresses 606 $aRadio$vCongresses 606 $aRadio$2fast$3(OCoLC)fst01087053 606 $aMicrowave circuits$2fast$3(OCoLC)fst01020171 606 $aMicrowave communication systems$2fast$3(OCoLC)fst01020180 606 $aRadio frequency$2fast$3(OCoLC)fst01087309 608 $aConference papers and proceedings.$2fast 615 0$aMicrowave circuits 615 0$aMicrowave communication systems 615 0$aRadio frequency 615 0$aRadio 615 7$aRadio 615 7$aMicrowave circuits. 615 7$aMicrowave communication systems. 615 7$aRadio frequency. 676 $a621.381 712 02$aIEEE Microwave Theory and Techniques Society, 712 02$aInstitute of Electrical and Electronics Engineers, 906 $aCONFERENCE 912 $a9910873749903321 996 $a.. IEEE MTT-S International Microwave and RF Conference$92525375 997 $aUNINA